[Event "Romanian Team Rapid Open 2022"]
[Site "Sebes"]
[Date "2022.12.03"]
[Round "1.31"]
[White "Butolo, Alexandru-Mircea"]
[Black "Danila, Tudor-Gabriel"]
[Result "0-1"]
[WhiteElo "2043"]
[BlackElo "1939"]
[Annotator "TA"]
[PlyCount "202"]
[EventDate "2022.12.03"]
[EventType "rapid"]
[EventCountry "ROU"]
[SourceTitle "playchess.com"]
[Source "ChessBase"]
[SourceQuality "1"]

{[%evp 9,202,8,10,9,8,3,19,12,27,9,6,0,0,-9,45,43,95,87,97,27,27,21,24,26,33,25,24,22,29,0,0,0,0,-25,-20,-43,-39,-40,-18,-17,0,-39,-41,-41,-54,-56,-45,-49,-28,-47,-48,-80,-30,-39,0,-37,-38,-67,-63,-87,-83,-152,-152,-152,-150,-150,-126,-146,-137,-407,-116,-122,-106,-236,-229,-407,-397,-460,-454,-427,-418,-459,-335,-462,-403,-424,-365,-406,-110,-355,-348,-329,-93,-358,-358,-591,-587,-895,-380,-343,-394,-415,-395,-416,-406,-399,-355,-359,-354,-375,-369,-582,-574,-529,-527,-29984,-29985,-29985,-29974,-29977,-29978,-29983,-29976,-29981,-29975,-6482,-2154,-1157,-770,-723,0,0,0,-647,0,-929,-985,-29987,-29988,-29988,-29989,-29989,-29986,-29987,-29988,-29988,-29987,-29987,-29986,-29990,-29984,-29987,-29984,-29989,-29990,-29992,-29985,-29984,-29981,-29989,-29987,-29987,-29988,-29992,-29989,-29991,-29990,-29990,-29991,-29991,-29992,-29993,-29991,-29991,0,-29993,-29991,-29991,-29992,-29994,-29992,-29992,-29992,-29995,-29996,-29996,-29997,-29997,-29997,-29997,0,-29997,-29992,-29997,-29993]} 1. Nf3 Nf6 2. b3 e6 3. Bb2 Be7 4. e3 O-O 5. Be2 b6 6. O-O {A05: Réti Opening: 1 Nf3 Nf6.} Bb7 7. c4 d6 8. d4 {[%cal Bd2d4,Bd4d5][%mdl 32] The position is equal.} c5 9. Nbd2 Nbd7 10. Qc2 Qc7 11. e4 {[#]} Rad8 $146 (11... cxd4 $11 12. Nxd4 Rfc8) ({Predecessor:} 11... cxd4 12. Nxd4 Rac8 13. Rac1 Nc5 14. f3 Rfd8 15. Rfd1 Qb8 16. Qb1 Nh5 17. Bf1 Bg5 {0-1 (30) Savoskin,V (1743)-Bitkinin,L (2055) Voronezh 2018}) 12. d5 $14 e5 (12... Nh5 $14) 13. Ne1 Ne8 14. f4 ({White should play} 14. g3 $16) 14... exf4 $11 15. Nd3 Ne5 16. Rxf4 Bg5 {[#] Hoping for ...Nxd3.} 17. Rf5 (17. Rff1 {simplifies} Qe7 18. Rae1 Bc8 19. Nxe5 dxe5 20. Bd3) 17... Be3+ 18. Kh1 {[%cal Rd3e5]} Bc8 {[%cal Bb7c8,Bc8f5,Bf5g6][%mdl 32]} 19. Nxe5 {Black must now prevent Nc6.} Bxf5 20. Nc6 Bg6 {[%cal Oe3d2]} 21. Nxd8 (21. Nf3 {keeps more tension.} Rc8 22. Re1 Qd7 23. Nh4) 21... Qxd8 22. Nf3 Nf6 23. Bd3 Ng4 {[#] And now ...Nf2+ would win.} (23... Re8 $5 {[%cal Rf6e4]}) 24. Rf1 {Inhibits Nf2+.} Bh6 25. Bc1 Bxc1 26. Qxc1 Re8 27. Qf4 Ne5 28. Bb1 Qe7 29. Nh4 a6 30. a4 {Against b5} Rb8 (30... b5 $17 31. cxb5 axb5) 31. Nf3 Re8 (31... Nd7 {simplifies} 32. Bd3 Qf6 33. Qxf6 Nxf6 34. Nd2 Re8) 32. Bc2 Qb7 33. Nh4 b5 34. axb5 axb5 35. Nxg6 (35. cxb5 $142 Qxb5 36. h3) 35... hxg6 $17 36. cxb5 Qxb5 37. h3 Qb4 38. Ra1 Qc3 {[%csl LRa1,LRc2] Prevents Qe3.} 39. Rc1 {[%mdl 8192]} (39. Ra2 $17) 39... Qa5 $2 (39... Ra8 $19 {Strongly threatening ...Qb2.} 40. Bb1 Qxb3) 40. Qf1 Rb8 {...Qc3 is the strong threat.} 41. Ra1 (41. Qe1 $17 Qa2 42. Qc3) 41... Qc3 $19 42. Rc1 (42. Qc1 {was worth a try.}) 42... Qb2 43. Qd1 Ra8 {Against Ra1} 44. Rb1 Qc3 45. Rc1 Ra3 46. Kh2 f6 47. Kh1 Kh7 48. Kh2 Kh6 $2 (48... c4 $19 {has better winning chances.} 49. Bb1 Qxb3 50. Qxb3 cxb3) 49. Kh1 $2 (49. Qe1 $17 Qxe1 50. Rxe1) 49... g5 50. Kh2 Ng6 $2 (50... Ra2 $19 {and Black stays clearly on top.} 51. b4 Qxb4) 51. e5 $2 {[%mdl 8192] Inhibits g4.} (51. Qh5+ $17 Kxh5 52. Bd1+ Kh6 53. Rxc3) 51... Qxe5+ (51... Nxe5 $2 52. Bg6 $19) 52. Kh1 $2 (52. g3 {only move.} f5 53. Qe1) 52... Nf4 {[%cal Oa3a2] aiming for ...Ra2!} 53. Qg4 g6 (53... Nxd5 54. Qc8 f5 55. Bxf5 $11) (53... Qb2 $142 54. Qd1 Ra2) 54. Qc8 {[%cal Rc8h8]} f5 {Active counter play!} (54... Nxd5 $2 55. Qh8#) 55. Qf8+ Kh7 (55... Kh5 $2 56. Bd1+ Kh4 57. Qh6+ Nh5 58. Rc4+ f4 59. Qxg6 $19) 56. Qf7+ Qg7 57. Qe8 Ra1 (57... Nxd5 $2 58. Bxf5 Nf6 59. Bxg6+ Qxg6 60. Qe7+ Qg7 61. Qxd6 $19) 58. Rxa1 Qxa1+ {[%mdl 4096] Endgame KQB-KQN} 59. Kh2 Qf6 {Prevents Qe7+.} (59... Nxd5 60. Qf7+ Kh8 61. Qxd5 $16) ({Inferior is} 59... Qf1 60. Qe7+ Kg8 61. Qe8+ (61. Qd8+ Kh7 $11) 61... Kh7 62. Qe7+ Kh8 63. Qf8+ Kh7 64. Qe7+ $11) 60. Qd7+ (60. Bd1 {was called for.}) 60... Kh6 61. Qe8 Nxd5 62. Qc6 Qe5+ 63. Kh1 Nb4 64. Qc8 Nxc2 65. Qf8+ Qg7 66. Qxd6 Qa1+ 67. Kh2 Qd4 68. Qf8+ Kh7 69. Qe7+ Kh8 70. Qf8+ Kh7 {Threatens to win with ...Qe5+.} 71. Qe7+ $1 {Black converts the advantage convincingly.} Kh6 72. Qf8+ $1 Kh5 {( -> ...Ne3)} 73. g4+ fxg4 74. hxg4+ Kxg4 75. Qc8+ Kh5 76. b4 Qf4+ 77. Kh1 Qf3+ 78. Kh2 Qf2+ 79. Kh1 Qh4+ ({Not} 79... Nxb4 80. Qg4+ Kh6 81. Qxg5+ Kg7 82. Qxg6+ Kf8 83. Qe8+ Kg7 84. Qg6+ Kf8 85. Qe8+ Kg7 86. Qg6+ $11) 80. Kg1 Qxb4 81. Qh8+ Kg4 82. Qc8+ Kf4 83. Qf8+ Ke3 84. Qe8+ Kd3 85. Qxg6+ Qe4 86. Qg8 c4 87. Kh2 Qe5+ 88. Kg1 Qg3+ 89. Kh1 Qf3+ ({Stronger than} 89... Ne3 90. Qxc4+ Kd2 91. Qe2+ Kc3 92. Qc4+ Kd2 93. Qc2+ Ke1 94. Qe2+ Kxe2 $11) 90. Kh2 Qf4+ 91. Kh1 Qe4+ 92. Kh2 $1 c3 {[%cal Bc4c3,Bc3c2][%mdl 32]} 93. Qd8+ Nd4 94. Kg1 Qe3+ 95. Kg2 Qf3+ 96. Kg1 c2 97. Kh2 Qf4+ 98. Kh3 Qh4+ 99. Kg2 Qf4 100. Kh3 $1 Kd2 101. Qxg5 Qe3+ {Weighted Error Value: White=0.57/Black=0.44} 0-1

[Event "Romanian Team Rapid Open 2022"]
[Site "Sebes"]
[Date "2022.12.03"]
[Round "1.32"]
[White "Mainescu, Andrei-Cristian"]
[Black "Prelipcean, Eric-Matei"]
[Result "1-0"]
[WhiteElo "1860"]
[BlackElo "1909"]
[Annotator "TA"]
[PlyCount "42"]
[EventDate "2022.12.03"]
[EventType "rapid"]
[EventCountry "ROU"]
[SourceTitle "playchess.com"]
[Source "ChessBase"]
[SourceQuality "1"]

{[%evp 9,42,7,22,17,23,30,21,21,56,58,54,21,27,18,44,43,108,20,25,0,0,0,0,-25,-40,-93,-75,-67,-18,-30,-32,-349,-304,-804,-803]} 1. e4 c5 2. Nf3 d6 3. Bb5+ Bd7 4. c4 Bxb5 5. cxb5 Nf6 6. Nc3 {B52: Sicilian: Moscow Variation with 3...Bd7.} e5 7. d3 Be7 8. Bg5 {The position is equal.} h6 9. Bxf6 Bxf6 {[#]} 10. Qb3 $146 ({Predecessor:} 10. O-O g6 11. Nd2 O-O 12. Nc4 Bg7 13. Nd5 Re8 14. Qd2 Bf8 15. f4 Kg7 16. Qf2 {1-0 (27) Das,S (2426)-Jay,K (2071) Ahmedabad 2020}) 10... Nd7 {[%cal Bb8d7,Bd7f8,Bf8e6][%mdl 32]} 11. a4 O-O 12. a5 b6 (12... Be7 $14) 13. a6 {White is more active.} (13. axb6 $16 Nxb6 14. O-O) 13... Rc8 14. Qc4 Re8 15. h4 Nf8 16. Nd5 Ne6 17. Ne3 ({Better is} 17. g3 $15) 17... Qd7 18. Nd5 Bd8 (18... Nf4 $15 {should be considered.} 19. O-O-O Nxd5 20. exd5 e4 21. dxe4 Bd4) 19. Nc3 Nd4 {Hoping for ...Qg4.} 20. Rc1 $2 {[%mdl 8192] [#]} ({White should play} 20. O-O-O $15) 20... Qg4 $1 $19 {[%csl LRf3,LRg2]} 21. Nxd4 $2 (21. Kf1 Nxf3 22. gxf3 Qxf3 23. Rg1) 21... cxd4 {[%mdl 32768] Weighted Error Value: White=0.86/Black=0.14 (very precise) . Loss on time!?} 1-0

[Event "Romanian Team Rapid Open 2022"]
[Site "Sebes"]
[Date "2022.12.03"]
[Round "2.1"]
[White "Soltanici, Ruslan"]
[Black "Lupulescu, Constantin"]
[Result "0-1"]
[WhiteElo "2357"]
[BlackElo "2591"]
[Annotator "TA"]
[PlyCount "88"]
[EventDate "2022.12.03"]
[EventType "rapid"]
[EventCountry "ROU"]
[SourceTitle "playchess.com"]
[Source "ChessBase"]
[SourceQuality "1"]

{[%evp 18,88,19,35,35,27,27,35,28,-3,0,0,0,-25,-17,-16,0,-3,0,-16,-30,-14,-28,-26,-28,-19,51,27,62,62,60,34,49,19,65,61,73,19,12,10,19,21,10,-16,0,-41,0,0,0,0,0,-41,-41,-45,-37,-47,-30,-34,-39,-94,-77,-167,-170,-257,-251,-275,-183,-192,-108,-114,-112,-651,-621]} 1. e4 c5 2. Nf3 d6 3. d4 cxd4 4. Nxd4 Nf6 5. Nc3 Nc6 6. Bg5 Bd7 7. Qd2 a6 8. O-O-O e6 9. f3 {[%cal Bf2f3,Bf3f4][%mdl 32]} Be7 10. h4 h6 {B67: Sicilian: Richter-Rauzer: 7...a6 8 0-0-0 Bd7, lines without 9 f4 Be7.} 11. Be3 h5 {Prevents g4.} 12. Bg5 Qc7 {White is slightly better.} 13. Kb1 Ne5 14. f4 Neg4 15. Qe1 b5 {Hoping for ...b4.} 16. a3 {[#]} O-O $146 ({Predecessor:} 16... Rc8 17. Rh3 Qb8 18. Be2 g6 19. Bxg4 hxg4 20. Rhd3 e5 21. Nde2 Be6 22. Qf2 g3 23. Qxg3 {½-½ (75) Noritsyn,N (2484)-Bartell,T (2353) Chess.com INT 2019}) 17. Be2 $1 Rfe8 18. Bxg4 Nxg4 19. Bxe7 Rxe7 20. Qd2 Rb8 21. Nb3 Rb6 (21... Bc6 $11) 22. Rh3 Bc8 23. Rd3 Rd7 24. e5 {[%cal Re5d6]} (24. f5 $5 {[%cal Rb3d4]}) 24... d5 25. Na2 Qd8 (25... Rb8 $11) 26. Rc3 Rc7 27. Qd4 (27. Nb4 $16) 27... Rbc6 $11 28. g3 Rxc3 29. Nxc3 Rc4 30. Qd2 Qb6 31. Nd4 Bd7 32. b3 Rc8 33. Kb2 a5 {[%cal Ba6a5,Ba5a4][%mdl 32]} 34. Rf1 b4 $36 {[%mdl 2048] Black has the initiative.} 35. axb4 Qxb4 36. Rd1 Qb6 37. Ra1 Rc4 38. Nce2 (38. Rd1 $15) 38... a4 $17 39. Ra3 {[#]} (39. Ka3 $17 Rc8 40. Kb2 (40. Qb4 Qc7 $17)) 39... Nf2 $1 $19 {[%cal Bg4f2,Bf2e4,Be4f2][%mdl 32]} 40. Ka2 (40. Ka1 $142 Ne4 41. Qd3) 40... Ne4 41. Qd3 axb3+ 42. cxb3 Rc8 (42... Rc5 $19 {And now ...Bb5 would win.} 43. Ra8+ Bc8) 43. Kb2 Qb4 {[#] Strongly threatening ...Nf2. Black has more active pieces.} 44. Ra7 $2 {[%mdl 8192]} (44. Nc2 $17 Qb7 45. Ned4) 44... Nf2 {Weighted Error Value: White=0.32/Black=0.16 (very precise)} 0-1

[Event "Romanian Team Rapid Open 2022"]
[Site "Sebes"]
[Date "2022.12.03"]
[Round "2.2"]
[White "Jianu, Vlad-Cristian"]
[Black "Cosma, Ioan"]
[Result "1-0"]
[WhiteElo "2516"]
[BlackElo "2368"]
[Annotator "TA"]
[PlyCount "69"]
[EventDate "2022.12.03"]
[EventType "rapid"]
[EventCountry "ROU"]
[SourceTitle "playchess.com"]
[Source "ChessBase"]
[SourceQuality "1"]

{[%evp 15,69,15,25,23,21,16,22,16,25,22,31,29,29,24,31,31,34,19,10,-9,184,181,180,179,179,179,179,179,179,179,179,179,179,178,197,172,164,162,181,127,178,176,189,187,282,284,323,307,304,234,266,266,290,295,479,479]} 1. d4 e6 2. c4 Bb4+ 3. Bd2 Bxd2+ 4. Qxd2 d5 5. e3 Nf6 6. Nc3 O-O 7. Nf3 Qe7 8. Rc1 Rd8 9. cxd5 {E11: Bogo-Indian.} exd5 10. Bd3 c6 11. Qc2 {The position is equal.} Re8 12. O-O {[%cal Oe3e4]} Nbd7 {Against e4} 13. Rb1 Ne4 14. b4 a6 15. a4 Ndf6 16. Ne5 (16. Nd2 {simplifies} Bf5 17. Bxe4 Bxe4 18. Ndxe4 dxe4 19. Rfc1) 16... Bf5 {[#]} 17. Ne2 $146 {[#] And now f3 would win.} ({Predecessor:} 17. a5 Nxc3 18. Qxc3 Bxd3 19. Nxd3 Ne4 20. Qc2 Qg5 21. Rbc1 Re7 22. Qe2 Nd6 23. Ne5 Re6 24. Rc2 Qe7 25. Rfc1 Nb5 26. Qd2 {0-1 (26) Kelecevic,N (2250)-Stojanovic,M (2558) Leukerbad 2015}) 17... Nd7 $2 (17... g6 $1 $11) 18. f3 $18 Nxe5 19. dxe5 (19. fxe4 $2 Nxd3 20. Rxf5 g6 $19) 19... Qxe5 {[%cal Oe4c3] ...Nc3! is the strong threat.} 20. fxe4 Bxe4 21. Bxe4 Qxe4 22. Qxe4 Rxe4 23. Rf3 Rae8 24. Kf2 Rc4 25. Nd4 {Against Rc2+} g6 26. Rb2 Re7 27. b5 (27. Rf4 $18) 27... axb5 (27... c5 $16) 28. axb5 c5 29. Ne2 b6 (29... Re5 $142 30. Rf4 Rxf4+ 31. Nxf4 (31. exf4 Re8 $16) 31... b6) 30. Rf4 d4 31. exd4 cxd4 32. Rd2 Rb4 33. Nxd4 ({But not} 33. Rfxd4 $6 Rxb5 34. g3 Kg7 $18) (33. Rdxd4 $6 Rb2 $16) 33... Rd7 34. Ke3 Rd5 $2 {[#]} (34... f5 {was necessary.} 35. g4 fxg4) 35. Rf6 {Weighted Error Value: White=0.08 (flawless) /Black=0.36} 1-0

[Event "Romanian Team Rapid Open 2022"]
[Site "Sebes"]
[Date "2022.12.03"]
[Round "2.3"]
[White "Itkis, Boris"]
[Black "Parligras, Mircea-Emilian"]
[Result "1/2-1/2"]
[WhiteElo "2343"]
[BlackElo "2567"]
[Annotator "TA"]
[PlyCount "62"]
[EventDate "2022.12.03"]
[EventType "rapid"]
[EventCountry "ROU"]
[SourceTitle "playchess.com"]
[Source "ChessBase"]
[SourceQuality "1"]

{[%evp 10,62,3,2,17,23,20,31,22,14,29,-10,0,-16,-25,-82,0,0,0,0,0,0,0,-16,-16,-44,-12,-9,-12,-19,-6,-72,-82,-96,-66,-80,0,0,50,51,52,44,47,53,73,65,75,8,29,6,8,8,83,0,0]} 1. Nf3 d5 2. d4 Nf6 3. c4 e6 4. Nc3 Bb4 5. Qb3 c5 6. dxc5 Nc6 {...d4 is the strong threat. D38: Queen's Gambit Declined: Ragozin Defence (4 Nf3 Bb4).} 7. Bg5 Qa5 $1 {Strongly threatening ...d4. 7...Qa5 is better than 7...dxc4.} 8. Bxf6 dxc4 {White is slightly better.} 9. Qxc4 gxf6 10. e3 {[#]} e5 $146 {Hoping for ...Be6.} ({Predecessor:} 10... Qxc5 11. Rc1 Qxc4 12. Bxc4 Ke7 13. Ke2 Ba5 14. Bd3 a6 15. a3 Rb8 16. Rhg1 h5 {1-0 (46) Bykov,E (2419)-Gordievsky,D (2535) Moscow 2022}) 11. Rc1 Be6 $1 $36 {[%mdl 2048] Inhibits a3. Black has the initiative.} 12. Qb5 (12. Qe4 $11) 12... Qxb5 (12... Qxa2 $17 13. Qxb4 (13. Qxb7 $2 {too greedy.} Qxb2 14. Qxc6+ Bd7 $19) 13... Nxb4 14. Nxa2 Nxa2) 13. Bxb5 $11 Bxa2 14. O-O Be6 15. Ne4 Ke7 16. Nd6 Na5 17. Nh4 Nb3 {[%csl LRc1,LRc5]} 18. Nhf5+ {Pair of Knights!} Kf8 19. Rc2 Nxc5 20. Bc4 {[#]} (20. f4 $11) 20... Rd8 $1 $17 21. f3 b6 22. e4 Nxe4 23. fxe4 $11 {Threatens to win with Bxe6.} Bxd6 (23... Bc5+ $1 $11 24. Kh1 Bxd6) 24. Bxe6 $1 $14 fxe6 25. Nxd6 Rxd6 $17 {[%mdl 4096] Endgame KRR-KRR} 26. Rc7 Rg8 27. Rxf6+ ({Reject} 27. Rxh7 Rg7 28. Rxf6+ Kg8 $11) 27... Ke8 {[#]} 28. Rxa7 {White is much more active.} ({White should try} 28. g3 $1 $16) 28... Rg6 29. Rf2 Rd1+ 30. Rf1 Rd2 (30... Rxf1+ $11 {remains equal.} 31. Kxf1 Rg4) 31. Rf2 ({Don't play} 31. Rxh7 $6 Rgxg2+ 32. Kh1 Rxb2 $11) (31. g3 $16) 31... Rd1+ {Weighted Error Value: White=0.18 (very precise) /Black=0.21 (precise)} 1/2-1/2

[Event "Romanian Team Rapid Open 2022"]
[Site "Sebes"]
[Date "2022.12.03"]
[Round "2.4"]
[White "Gavrilescu, David"]
[Black "Bulau, Andrei-Cristian"]
[Result "1-0"]
[WhiteElo "2523"]
[BlackElo "2154"]
[Annotator "TA"]
[PlyCount "51"]
[EventDate "2022.12.03"]
[EventType "rapid"]
[EventCountry "ROU"]
[SourceTitle "playchess.com"]
[Source "ChessBase"]
[SourceQuality "1"]

{[%evp 12,51,0,10,27,18,32,12,20,11,44,45,46,47,54,63,61,49,69,70,70,65,72,48,52,43,69,50,45,33,50,27,32,10,13,6,40,57,165,167,29985,29986]} 1. e4 e5 2. Bc4 Nc6 3. Nc3 Nf6 4. d3 Bc5 5. f4 d6 6. Nf3 O-O {6...a6 is becoming the main line.} 7. Na4 Bg4 {C30: King's Gambit Declined.} 8. Nxc5 dxc5 9. O-O {[%cal Bh1f1,Bf1f3,Bf3f2][%mdl 32]} exf4 {The position is equal.} 10. Bxf4 {[%cal Bc1f4,Bf4e3,Be3c5,Bc5b4,Bb4c3,Bc3b2][%mdl 32]} Na5 {[%cal Of6e4]} 11. Bb3 Nxb3 12. axb3 {[#]} Ne8 $146 ({Predecessor:} 12... Re8 13. h3 Bh5 14. g4 Bg6 15. Bg5 h6 16. Bh4 Bh7 17. Qd2 g5 18. Nxg5 Nxg4 19. Nf3 {1-0 (19) Das,A (2467)-Niese,H (2131) Bad Wiessee 2015}) 13. Qe1 Bxf3 14. Rxf3 Qd4+ 15. Be3 Qxb2 16. Bxc5 {White is more active.} Nd6 17. Rf2 {Threatens to win with e5.} (17. Rxa7 $2 b6 18. Rxa8 (18. Rxc7 $2 bxc5 19. Rf1 Qxc2 $19) 18... Rxa8 $19) (17. c4 {feels hotter.} f6 18. Rb1 Qe5 19. Bb4) 17... b6 {Prevents e5.} 18. Bb4 {[#] And now Bc3 would win.} Qe5 19. Bc3 $36 {[%mdl 2048] White is more active.} (19. c4 $5 {[%cal Rb4c3]}) 19... Qe7 20. Qe3 f6 21. Re1 {[%cal Ba1e1,Be1e5,Be5e8][%mdl 32]} c5 22. Qg3 {Black must now prevent e5.} Nb5 {Inhibits e5.} 23. Bb2 Kh8 24. e5 {[%cal Of2f6]} fxe5 ({Better is} 24... Nd4 $14) 25. Rxe5 $18 ({But not} 25. Bxe5 $6 Rxf2 26. Qxf2 Kg8 $14) ({Much less strong is} 25. Qxe5 $6 Qxe5 26. Rxe5 (26. Bxe5 Rxf2 27. Kxf2 Nd4 $14) 26... Rxf2 27. Kxf2 Nd4 $16) 25... Qd6 {[#]} (25... Qb7 $18 26. Rxf8+ Rxf8) 26. Re8 $3 {[%mdl 512] Weighted Error Value: White=0.08 (flawless) /Black=0.45} 1-0

[Event "Romanian Team Rapid Open 2022"]
[Site "Sebes"]
[Date "2022.12.03"]
[Round "2.5"]
[White "Ardelean, George-Catalin"]
[Black "Szabo, Gergely-Andras-Gyula"]
[Result "1/2-1/2"]
[WhiteElo "2473"]
[BlackElo "2514"]
[Annotator "TA"]
[PlyCount "47"]
[EventDate "2022.12.03"]
[EventType "rapid"]
[EventCountry "ROU"]
[SourceTitle "playchess.com"]
[Source "ChessBase"]
[SourceQuality "1"]

{[%evp 16,17,35,27]} 1. e4 c5 2. Nc3 Nc6 3. Bb5 Nd4 4. Nf3 a6 5. Bd3 Nc6 6. Be2 e6 7. O-O Nf6 {7...Nd4 is a critical line.} 8. d4 cxd4 9. Nxd4 {[#]} {Predecessor:} Qc7 $146 {B85: Sicilian Scheveningen: 6 Be2 a6, lines with early Be3.} 10. Be3 Be7 11. f4 d6 12. Qe1 O-O 13. Qg3 Nxd4 14. Bxd4 b5 15. a3 Bb7 16. Rae1 Rad8 17. Kh1 Rfe8 18. Bf3 Rd7 19. h4 h6 20. h5 Bc6 21. Nd1 Qd8 22. Nf2 Ba8 23. c3 Bf8 24. Nd3 {½-½ (60) Alekseenko,K (2703)-Potkin,V (2571) Moscow 2021} 1/2-1/2

[Event "Romanian Team Rapid Open 2022"]
[Site "Sebes"]
[Date "2022.12.03"]
[Round "2.7"]
[White "Grecescu, Gabriel-Andrei"]
[Black "Stoleriu, George"]
[Result "1/2-1/2"]
[WhiteElo "2388"]
[BlackElo "2389"]
[Annotator "TA"]
[PlyCount "41"]
[EventDate "2022.12.03"]
[EventType "rapid"]
[EventCountry "ROU"]
[SourceTitle "playchess.com"]
[Source "ChessBase"]
[SourceQuality "1"]

{[%evp 22,28,22,26,20,25,26,26,45]} 1. c4 Nf6 2. Nf3 g6 3. g3 Bg7 4. Bg2 O-O 5. Nc3 d6 6. d4 c6 7. O-O Bf5 8. b3 Ne4 9. Bb2 Nxc3 10. Bxc3 Be4 11. Qd2 Nd7 12. Qe3 {12.Qe3 has lost popularity.} d5 {E62: King's Indian: Fianchetto: 6...c6 and Panno Variation (6...Nc6) without ...a6.} 13. Bh3 Bxf3 14. Qxf3 Nf6 {[#]   Weighted Error Value: White=0.00 (flawless) /Black=0.00 (flawless)} {Predecessor:} 15. cxd5 $146 Nxd5 16. Bb2 Qb6 17. e3 a5 18. Rab1 e6 19. Rfd1 Rfd8 20. Bf1 Qb4 21. e4 {½-½ (40) Hayrapetyan,H (2472)-Ramnath,B (2393) Hyderabad 2013} 1/2-1/2

[Event "Romanian Team Rapid Open 2022"]
[Site "Sebes"]
[Date "2022.12.03"]
[Round "2.8"]
[White "Zubcu, Vlad-George"]
[Black "Cnejev, Vladimir-Alexandru"]
[Result "1/2-1/2"]
[WhiteElo "2135"]
[BlackElo "2293"]
[Annotator "TA"]
[PlyCount "102"]
[EventDate "2022.12.03"]
[EventType "rapid"]
[EventCountry "ROU"]
[SourceTitle "playchess.com"]
[Source "ChessBase"]
[SourceQuality "1"]

{[%evp 17,102,18,27,8,25,17,20,20,20,0,14,12,21,20,40,9,22,27,108,117,97,123,199,207,245,229,410,-38,-36,-25,-49,-40,-29,-43,-32,-29,-18,-110,-106,-104,-119,-125,-114,-101,-102,-156,-127,-210,-208,-215,-216,-203,-208,-166,-167,-535,-131,-170,-67,-49,-48,-268,72,17,148,123,114,109,120,0,135,143,191,145,197,160,183,85,91,0,0,0,0,0,0,0,0]} 1. d4 d5 2. Nf3 Nf6 3. c4 e6 4. g3 Be7 5. Bg2 O-O 6. O-O c6 7. Qc2 b6 8. Nbd2 Bb7 9. e4 Na6 {[%cal Bb8a6,Ba6c5,Bc5e4][%mdl 32]} 10. a3 {E06: Closed Catalan: Early deviations.} c5 {[%cal Rd5e4]} 11. exd5 exd5 12. dxc5 Nxc5 13. b4 Nce4 14. Bb2 Rc8 15. Rad1 Qc7 {[%cal Rd5c4] [#]} 16. Nd4 $146 {With the idea Nf5.} ({Predecessor:} 16. Nxe4 Nxe4 17. Nd2 Nxd2 18. Rxd2 dxc4 19. Bh3 Rcd8 20. Rxd8 Rxd8 21. Bg2 Bxg2 22. Kxg2 {1-0 (41) Koridze,L (2139)-Cnejev,V (2293) Chess.com INT 2022}) 16... Rfe8 (16... Nxd2 17. Qxd2 Qd7 18. Rfe1 Rxc4 19. Rxe7 $1 {[%mdl 512]} Rxd4 20. Rxd7 $14) 17. Qa4 Qb8 (17... Nd6 $11) 18. Nxe4 $16 Nxe4 19. Nf5 {[%csl LRd5,LRg7]} dxc4 (19... d4 $16) 20. Bxg7 $18 (20. Nxg7 $6 c3 21. Bxe4 (21. Nxe8 cxb2 22. Rfe1 Qa8 $11) 21... Bxe4 22. Bxc3 Red8 23. Rxd8+ Rxd8 $16) 20... c3 21. Qc2 Bf8 $2 (21... Bg5 {was worth a try.}) 22. Bd4 $2 ({White has to play} 22. Bxf8 $18 Kxf8 23. Rfe1) 22... Nd2 $15 23. Rxd2 Bxg2 24. Kxg2 cxd2 25. Qxd2 {Qg5+ would kill now. The board is on fire.} Qb7+ 26. Kg1 {White threatens Qg5+ and mate.} Re6 {Hoping for ...Qe4.} 27. Ba1 (27. Qg5+ $11 Rg6 28. Qf4) 27... Qe4 $1 $17 (27... f6 $6 28. Qa2 Qf7 29. Qd5 $11) 28. Qb2 {[%csl Ga1][%cal Rb2h8][%mdl 64]} f6 $1 (28... Qxf5 $2 29. Qh8#) 29. Nd4 Re5 30. Qb3+ Qd5 31. Qd1 ({White should play} 31. Qb2) 31... Bg7 32. f4 (32. Qb1 $17) 32... Ree8 $19 33. Qg4 {[#]} h5 $1 34. Qg6 Qf7 35. Qb1 Rcd8 36. f5 $2 (36. Qc2) 36... Re3 $2 (36... Bh6 $19 {aiming for ...Be3+.} 37. Nf3 Re2) 37. Qc1 Rd3 (37... Qe8 $19 {White must now prevent ...Qe4.} 38. Qc4+ Kh8) 38. Ne6 $15 R8d5 39. Nf4 $2 {[#]} (39. b5 $15) 39... Qd7 $2 40. Qc4 (40. Nxh5 $2 Rd1 41. Qc4 b5 $19) (40. Nxd5 $16 Rxd5 41. Qc4) 40... Kh8 41. Nxd5 {White is more active.} Rxd5 42. Qe4 Rd1 43. Qf3 (43. Bb2 $16) 43... Rxf1+ (43... Rxa1 $1 $11 44. Qxh5+ Kg8 45. Rxa1 Qd4+ 46. Kg2 Qb2+ 47. Kh3 Qxa1) 44. Kxf1 $11 {[%mdl 4096] Endgame KQB-KQB} Kg8 (44... h4 $16 {is a better defense.} 45. gxh4 Qf7) 45. Bc3 ({Don't play} 45. Qxh5 Qc6 $16) (45. Kg2 $18) 45... Qc7 (45... Qa4 $16) 46. Kg2 $18 Qc4 47. Bd2 (47. Kh3 $18 {has better winning chances.}) 47... Qa2 $16 48. Qd3 ({White should try} 48. Qe2 $16) 48... Bh6 $1 $11 {The position is equal.} 49. Qd8+ Kf7 $1 50. Qd7+ Kf8 $1 51. Qd8+ Kf7 $1 {Both players deserved the win here.   Weighted Error Value: White=0.51/Black=0.42} 1/2-1/2